000
00239nam a2200121Ia 4500
100
_a
Mehta/N.V
942
_c
BK
245
_a
Income-Tax Ready recknoner 16-17
260
_b
#N/A
_c
2017
300
_a
376
546
_a
ENGLISH
999
_c
31231
_d
31231